• 首页
  • 本馆介绍
  • 公告通知
  • 最新文献
  • 馆藏检索
  • 电子资源
  • 读者导购
  • 参考咨询
  • 我的图书馆
  • 登录
  • 详细信息显示
  • 放入我的书架
  • 预约/预借图书
  • 作者相关作品
  • 分类相关作品
  • 丛书相关作品
  • 出版社相关作品

书目信息

  • 表格格式
  • 工作单格式
  • 卡片格式
题名:
汽车电路图识读
    
 
作者: 姚科业 主编
分册:  
出版信息: 北京   化学工业出版社  2017
页数: 198页
开本: 29cm
丛书名:
单 册:
中图分类: U463.62
科图分类:
主题词: 汽车--qi che--电气设备--电路图--识图法
电子资源:
ISBN: 978-7-122-28664-2
000 01086nam0 2200265 450
001 012001000365
005 20140105174423.0
010    @a978-7-122-28664-2@dCNY98.00
099    @aCAL 012017070959
100    @a20170220d2017 em y0chiy50 ea
101 0  @achi
102    @aCN@b110000
105    @aak z 000yy
106    @ar
200 1  @a汽车电路图识读@Aqi che dian lu tu shi du@e马自达·三菱·斯巴鲁·铃木@f姚科业主编
210    @a北京@c化学工业出版社@d2017
215    @a198页@c图@d29cm
330    @a本书介绍了马自达(含一汽奔腾)、三菱、斯巴鲁和铃木四个品牌汽车电路图册的编排规律、电路图识读方法、具体的电路图识读示例以及部分代表车型的电路图。
333    @a本书不仅是汽车维修人员了解或熟悉马自达、三菱斯、巴鲁、铃木四个品牌汽车电路图的入门读物,同时也可以作为汽车院校、职业培训单位的汽车电路图识读的辅助教材。
517 1  @a马自达三菱斯巴鲁铃木@Ama zi da san ling si ba lu ling mu
606 0  @a汽车@Aqi che@x电气设备@x电路图@x识图法
690    @aU463.62@v5
701  0 @a姚科业@Ayao ke ye@4主编
801  0 @aCN@b北京卓展文化@c20191020
905    @b1200330-1@dU463.62@e853@f2
    
    汽车电路图识读:马自达·三菱·斯巴鲁·铃木/姚科业主编.-北京:化学工业出版社,2017
    198页:图;29cm
    使用对象:本书不仅是汽车维修人员了解或熟悉马自达、三菱斯、巴鲁、铃木四个品牌汽车电路图的入门读物,同时也可以作为汽车院校、职业培训单位的汽车电路图识读的辅助教材。
    
    ISBN 978-7-122-28664-2:CNY98.00
    本书介绍了马自达(含一汽奔腾)、三菱、斯巴鲁和铃木四个品牌汽车电路图册的编排规律、电路图识读方法、具体的电路图识读示例以及部分代表车型的电路图。
●
相关链接 在E读中查询图书 在五车中查询图书 在当当中查询图书 在豆瓣中查询图书


正题名:汽车电路图识读     索取号:U463.62/853         预约/预借

序号 登录号 条形码 馆藏地/架位号 状态 备注
1 1200330   212003302   第二样本阅览室/ [索取号:U463.62/853] 在馆    
2 1200331   212003311   第三借阅区/ [索取号:U463.62/853] 在馆    
唐山师范学院图书馆 欢迎您!
大连网信软件有限公司© 版权所有